Human Growth and Development/ (Record no. 190897)

MARC details
000 -LEADER
fixed length control field 00543nam a22001817a 4500
005 - DATE AND TIME OF LATEST TRANSACTION
control field 20220810114028.0
010 ## - LCCN (DPL NO)
LC control number ENG-134368
020 ## - INTERNATIONAL STANDARD BOOK NUMBER
International Standard Book Number 978-93-91373-41-2
Terms of availability 300.00
035 ## - SYSTEM CONTROL NUMBER
System control number EN-117900
037 ## - SOURCE OF ACQUISITION
Source of stock number/acquisition DBAD/PUB
082 ## - DEWEY DECIMAL CLASSIFICATION NUMBER
Classification number 612.65
245 ## - TITLE STATEMENT
Title Human Growth and Development/
Statement of responsibility, etc edited by C. Ashok Kumar at all
260 ## - PUBLICATION, DISTRIBUTION, ETC. (IMPRINT)
Place of publication, distribution, etc Tamil Nadu
Name of publisher, distributor, etc Shanlax Publications
Date of publication, distribution, etc 2021
270 ## - ADDRESS
Address Vasanta Nagar, Madurai
City Tamil Nadu
Postal code 625003
300 ## - PHYSICAL DESCRIPTION
Extent 172p.
Dimensions 24cm(pb)
700 ## - ADDED ENTRY--PERSONAL NAME
Personal name C. Ashok Kumar
942 ## - ADDED ENTRY ELEMENTS (KOHA)
Source of classification or shelving scheme Dewey Decimal Classification
Item type English Books
Classification part 612.65
Call number suffix HUM
Holdings
Withdrawn status Lost status Not for loan Collection code Home library Current library Date acquired Source of acquisition Cost, normal purchase price Full call number Barcode Copy number Cost, replacement price Koha item type
      Non-fiction Bawana Bawana 10/08/2022 DBAD/PUB 300.00 612.65 HUM EN-117900 1 300.00 English Books

© Delhi Public Library
Hit Counter
free hit counter